000 00729cam a22002651 4500
001 sa 68018894
003 DLC
005 20260227112715.0
008 890720s1968 ii b 000 0 hino
010 _asa 68018894
035 _a(OCoLC)20044978
040 _aDLC
_cWaU
_dDLC
042 _apremarc
043 _aa-ii---
050 0 0 _aDS434
_b.G66
100 1 _aGoyalīya, Ayodhyāprasāda,
_d1908-1975.
245 1 0 _aMughala bādaśāhoṅkī kahānī, unakī zab̄anī.
260 _c[1968]
300 _a13, 323, [1] p.
_c19 cm.
500 _aIn Hindi.
504 _aList of the author's works: p. [324].
504 _aBibliographical footnotes.
651 0 _aIndia
_xKings and rulers.
651 0 _aMogul Empire.
999 _c88694
_d88694